000
00188nam a2200085 4500
001
1254959
005
20251202103053.0
245
_a
YABAN
_c
YAKUP KADRİ KARAOSMANOĞLU
260
_b
İLETİŞİM
999
_c
1254959
_d
1254959